¿Cómo formar a los maestros del mañana? (Record no. 79513)

MARC details
000 -CABECERA
campo de control de longitud fija 00738nam a2200253 a 4500
005 - FECHA Y HORA DE LA ÚLTIMA TRANSACCIÓN
campo de control 20210219153535.0
008 - ELEMENTOS DE LONGITUD FIJA--INFORMACIÓN GENERAL
campo de control de longitud fija 991125n 000 0 u
035 ## - NÚMERO DE CONTROL DEL SISTEMA
Número de control de sistema UPN01000105550
100 ## - ASIENTO PRINCIPAL--NOMBRE PERSONAL
Nombre de persona BROCK, Antony
222 ## - TÍTULO CLAVE
Título clave EDUCACION :
Información calificativa REVISTA DEL CONSEJO NACIONAL TECNICO DE LA EDUCACION
245 ## - MENCIÓN DE TÍTULO
Título ¿Cómo formar a los maestros del mañana?
300 ## - DESCRIPCIÓN FÍSICA
Extensión 68-72
362 ## - FECHAS DE PUBLICACIÓN Y/O DESIGNACIÓN SECUENCIAL
Fecha de publicación y/o designación secuencial 1976, vol. 4, no. 17 (ene.-feb.)
653 0# - TERMINO DE INDIZACION - NO CONTROLADO
Término no controlado EDUCACION NORMAL
653 0# - TERMINO DE INDIZACION - NO CONTROLADO
Término no controlado FORMACION DE MAESTROS
653 0# - TERMINO DE INDIZACION - NO CONTROLADO
Término no controlado INDUSTRIALIZACION
653 0# - TERMINO DE INDIZACION - NO CONTROLADO
Término no controlado MAESTROS
653 0# - TERMINO DE INDIZACION - NO CONTROLADO
Término no controlado MERCADO LABORAL
653 0# - TERMINO DE INDIZACION - NO CONTROLADO
Término no controlado PAISES EN DESARROLLO
653 0# - TERMINO DE INDIZACION - NO CONTROLADO
Término no controlado PAPEL DEL MAESTRO
653 0# - TERMINO DE INDIZACION - NO CONTROLADO
Término no controlado SISTEMA EDUCATIVO NACIONAL
904 ## - ELEMENTOS DE DATOS D LOCAL, LDD (RLIN)
a AC
b 043361
905 ## - TIPO DE MATERIAL
Tipo de material Articulo

No items available.